000 00556cam a22002051 4500
001 sa 68016226
003 DLC
005 20260227112652.0
008 790524s1964 io 00010 ind
010 _asa 68016226 //r862
025 _aPL480:Indo-3468
043 _aa-io---
050 0 _aQ180.I53
_bL3
082 _a001.4/3/09598
110 2 0 _aLembaga Research Kebudayaan Nasional (Indonesia)
245 0 0 _aLembaga Research Kebudajaan Nasional (LRKN).
260 1 _a[Djakarta?
_c1964?]
300 _a12 p.
_c22 cm.
650 0 _aResearch
_zIndonesia.
999 _c86949
_d86949